| 000 | 00630nam a22001455i 4500 | ||
|---|---|---|---|
| 001 | 171154 | ||
| 003 | ES-MaACL | ||
| 005 | 20230906214544.0 | ||
| 008 | 090430s1856 sp |||| | spa d | ||
| 100 | 1 |
_aFranquelo, Ramón. _9139997 |
|
| 245 | 1 | 3 |
_aEl pueblo soberano _b: comedia en tres actos / _cescrita en verso por Ramón Franquelo. |
| 260 |
_aMálaga : _b[Círculo Literario], _c1856 ( _fImp. del Círculo Literario) |
||
| 300 |
_a76 p. ; _c18 cm. |
||
| 852 |
_aES-MaACL _jF-8588(1) _z.- Enc. pasta española _q.- Falto de la cub. original _z- Enc. en un vol. facticio formando parte de la col. "Teatro español moderno", vol. 41 |
||
| 999 |
_c171154 _d171154 |
||